Somos estrella : (Registro nro. 36823)
[ vista simple ]
| 000 -CABECERA | |
|---|---|
| campo de control de longitud fija | 00501nas a2200193 a 4500 |
| 001 - NÚMERO DE CONTROL | |
| campo de control | 000037333 |
| 003 - IDENTIFICADOR DEL NÚMERO DE CONTROL | |
| campo de control | DO-SdBNP |
| 005 - FECHA Y HORA DE LA ÚLTIMA TRANSACCIÓN | |
| campo de control | 20240917095036.0 |
| 007 - CAMPO FIJO DE DESCRIPCIÓN FÍSICA--INFORMACIÓN GENERAL | |
| campo de control de longitud fija | ta |
| 008 - DATOS DE LONGITUD FIJA--INFORMACIÓN GENERAL | |
| campo de control de longitud fija | 120327c2011 dr ur1p dd 0 0spa d |
| 040 ## - FUENTE DE LA CATALOGACIÓN | |
| Centro catalogador/agencia de origen | DO-SdBNP |
| Lengua de catalogación | spa |
| Centro/agencia transcriptor | BNPHU |
| Normas de descripción | rda |
| 043 ## - CÓDIGO DE ÁREA GEOGRÁFICA | |
| Código de área geográfica | nwdr |
| 245 00 - MENCIÓN DE TÍTULO | |
| Título | Somos estrella : |
| Resto del título | boletín interno |
| 260 ## - PUBLICACIÓN, DISTRIBUCIÓN, ETC. | |
| Lugar de publicación, distribución, etc. | Santo Domingo : |
| Nombre del editor, distribuidor, etc. | Gestión Editorial, |
| Fecha de publicación, distribución, etc. | 2011 |
| 300 ## - DESCRIPCIÓN FÍSICA | |
| Extensión | v.- : |
| Otras características físicas | ilustraciones ; |
| Dimensiones | 29 cm. |
| 310 ## - PERIODICIDAD ACTUAL | |
| Periodicidad actual | Desconocida |
| 362 1# - FECHAS DE PUBLICACIÓN Y/O DESIGNACIÓN SECUENCIAL | |
| Fecha de publicación y/o designación secuencial | Diciembre 2011 |
| 942 ## - ELEMENTOS DE PUNTO DE ACCESO ADICIONAL (KOHA) | |
| Fuente del sistema de clasificación o colocación | Dewey Decimal Classification |
| Tipo de ítem Koha | Publicación periódica |
No hay ítems disponibles.
